MasterChef U.S. Winners - Statistics

General Stats
  • This quiz has been taken 38 times
  • The average score is 9 of 14
Answer Stats
Season Winner % Correct
4 Luca Manfè
94%
3 Christine Hà
82%
5 Courtney Lapresi
76%
8 Dino Angelo Luciano
65%
2 Jennifer Behm
65%
1 Whitney Miller
65%
9 Gerron Hurt
62%
6 Claudia Sandoval
59%
10 Dorian Hunter
59%
7 Shaun O'Neale
56%
12 Dara Yu
53%
13 Grant Gillon
47%
11 Kelsey Murphy
44%
14 Michael Leonard
44%
No matching quizzes found
Score Distribution
Percent of People with Each Score
Percentile by Number Answered
Your Score History
You have not taken this quiz